000 00579nam a22001817a 4500
003 CEME
005 20210628205950.0
008 210209b xxu||||| |||| 00| 0 eng d
020 _a0-471-55665-3
040 _c.
082 _a621.395 OLD
100 _aOldfield, John. Dorf, Richard.C
_977697
245 _aField programmable gate arrays reconfigurable logic for rapid prototyping and implementation of digital systems
260 _aNEWYORK
_bJOHN WILEY
_c1995
300 _a327P
650 _aFIELD PROAMMABLE GATE ARRAYS PROGRAMMABLE ARRAY LOGIC
_977698
942 _cBK
_2ddc
999 _c582920
_d582920